000 00514nam a22001937a 4500
003 LK-CoDNM
005 20250129140348.0
008 250129b |||||||| |||| 00| 0 eng d
040 _aLK-CoDNM
_dLK-CoDNM
_eLK-CoDNM
041 _aeng
080 _a13
_bP37
100 _aGilman A. Drew
245 _aA Laboratory Invertebrate Zoology
260 _aPhiladelphia and London
_bW. B. Saunders Company
_c1920
300 _aix, 222p . : ; 20 cm
650 _aArthropoda
650 _azoology
942 _cBK
999 _c237659
_d237659